00171nam a2200061Ia 4500245002900000100003900029008004100068 0aPaulina se verlore vere  a Naidoo, Ansu Centurion, (2010) 210818s9999 xx 000 0 und d